000 00377 a2200169 4500
001 74293
020 _a85-16-03903-X
040 _cAnchieta - Colégio São Paulo
100 _aMantoan, Maria teresa Egler
240 1 0 _aInclusão escolar
_lpor
245 1 0 _aInclusão escolar
300 _a95
362 0 _a2003
440 1 _aModerna
650 4 _aEducação
942 _cBK
999 _c74293
_d74293